[Event "16.Open Seefeld"]
[Site "Oesterreich / Seefeld"]
[Date "2005.09.20"]
[Round "4"]
[White "Stabolewski, Andreas"]
[Black "Allgaier, Erik"]
[Result "1-0"]
[WhiteElo "2225"]
[BlackElo "2078"]
[PlyCount "31"]
[EventDate "2005.09.17"]

1. e4 d6 2. d4 g6 3. g3 Nf6 4. Bg2 Bg7 5. Ne2 O-O 6. O-O e5 7. h3 c6 8. c4 Nh5
9. g4 Nf6 10. Nbc3 Na6 11. Bg5 Qb6 12. Be3 Qxb2 13. a3 exd4 14. Bxd4 Nc5 15.
Nd5 Qxd4 16. Ne7+ 1-0

[Event "16.Open Seefeld"]
[Site "Oesterreich / Seefeld"]
[Date "2005.09.20"]
[Round "4"]
[White "Wempe, Juergen"]
[Black "Schirmer, Werner"]
[Result "1-0"]
[WhiteElo "2202"]
[BlackElo "2053"]
[PlyCount "63"]
[EventDate "2005.09.17"]

1. d4 Nf6 2. Nf3 g6 3. Bg5 Bg7 4. Nbd2 d6 5. e4 h6 6. Bf4 Bg4 7. Be2 Nc6 8. c3
Bxf3 9. Nxf3 Nxe4 10. d5 Nxc3 11. bxc3 Bxc3+ 12. Bd2 Bxd2+ 13. Qxd2 Ne5 14.
Nxe5 dxe5 15. Bb5+ Kf8 16. Rd1 Kg7 17. Qc3 Qd6 18. f4 f6 19. fxe5 Qb6 20. Bd7
Rad8 21. Be6 c6 22. d6 Kh7 23. Rf1 exd6 24. Rxf6 Rhf8 25. Kf1 dxe5 26. Rd7+
Rxd7 27. Rxf8 Qb5+ 28. Kf2 Rd1 29. Rf7+ Kh8 30. Bc4 Qc5+ 31. Kg3 Rd4 32. Rh7+
1-0

[Event "16.Open Seefeld"]
[Site "Oesterreich / Seefeld"]
[Date "2005.09.20"]
[Round "4"]
[White "Meschke, Andreas"]
[Black "Christiansmeier, Sven"]
[Result "1/2-1/2"]
[WhiteElo "2154"]
[BlackElo "2044"]
[PlyCount "80"]
[EventDate "2005.09.17"]

1. e4 e5 2. Nf3 Nf6 3. Nxe5 d6 4. Nf3 Nxe4 5. Qe2 Qe7 6. d3 Nf6 7. Bg5 Qxe2+ 8.
Bxe2 Be7 9. Na3 a6 10. Nc4 Nc6 11. O-O O-O 12. Rfe1 h6 13. Bd2 Bf5 14. Ne3 Bh7
15. Bc3 Rae8 16. Nd2 Nd7 17. Nd5 Bd8 18. f4 Nc5 19. Nf3 Ne7 20. Nxe7+ Bxe7 21.
Nd2 Na4 22. Bd4 d5 23. b3 Bc5 24. Bxc5 Nxc5 25. Bg4 f5 26. Bh5 g6 27. Bf3 c6
28. Rxe8 Rxe8 29. Rf1 Kg7 30. Bd1 Bg8 31. Nf3 Nd7 32. Kf2 Kf6 33. d4 Be6 34.
Ne5 Nb6 35. Ke3 Nc8 36. Rf3 Nd6 37. Rh3 Rh8 38. Bf3 Rh7 39. Rg3 g5 40. Be2 Ne4
1/2-1/2

[Event "16.Open Seefeld"]
[Site "Oesterreich / Seefeld"]
[Date "2005.09.20"]
[Round "4"]
[White "Urban, Rudolf"]
[Black "Voss, Ingo"]
[Result "1/2-1/2"]
[WhiteElo "2050"]
[BlackElo "2149"]
[PlyCount "43"]
[EventDate "2005.09.17"]

1. c4 f5 2. d4 Nf6 3. Nc3 g6 4. Bf4 Bg7 5. e3 O-O 6. Nf3 d6 7. Be2 c6 8. O-O h6
9. Nd2 Qe8 10. d5 Na6 11. Rc1 Bd7 12. a3 Nc7 13. Nf3 cxd5 14. Nxd5 Ncxd5 15.
cxd5 Ne4 16. Nd4 Qd8 17. f3 Nc5 18. Bc4 a5 19. b3 Qb6 20. a4 Kh7 21. Bg3 Na6
22. Bf2 1/2-1/2

[Event "16.Open Seefeld"]
[Site "Oesterreich / Seefeld"]
[Date "2005.09.20"]
[Round "4"]
[White "Mertens, Klaus"]
[Black "Strasser, Josef (D)"]
[Result "1-0"]
[WhiteElo "2144"]
[BlackElo "1940"]
[PlyCount "53"]
[EventDate "2005.09.17"]

1. Nf3 Nf6 2. g3 b6 3. Bg2 Bb7 4. O-O e6 5. c4 Be7 6. Nc3 O-O 7. b3 c5 8. Bb2
d5 9. cxd5 exd5 10. d4 Nbd7 11. Rc1 Ne4 12. Rc2 Ndf6 13. e3 Nxc3 14. Bxc3 Ne4
15. Bb2 Rc8 16. Qe2 f5 17. Rfc1 Bf6 18. Ba3 Be7 19. Qd1 Qd7 20. dxc5 Bxc5 21.
Bxc5 Rxc5 22. Rxc5 Nxc5 23. Nd4 g6 24. Rc2 Ne6 25. Nxe6 Qxe6 26. Rc7 Ba8 27.
Rxa7 1-0

[Event "16.Open Seefeld"]
[Site "Oesterreich / Seefeld"]
[Date "2005.09.20"]
[Round "4"]
[White "Meier, Alexander"]
[Black "Mueller, Norbert"]
[Result "1-0"]
[WhiteElo "1972"]
[BlackElo "2138"]
[PlyCount "67"]
[EventDate "2005.09.17"]

1. e4 d6 2. d4 g6 3. Nc3 Bg7 4. Be3 c6 5. Qd2 b5 6. f3 a6 7. Bd3 Nd7 8. Nh3 c5
9. Qf2 cxd4 10. Bxd4 Ngf6 11. g4 Ne5 12. O-O-O Nfd7 13. Be2 O-O 14. f4 Nc6 15.
Bxg7 Kxg7 16. Bf3 Bb7 17. e5 Nb6 18. f5 Nc4 19. Bxc6 Bxc6 20. Rhe1 Qa5 21. f6+
Kg8 22. Rd4 dxe5 23. Rxc4 bxc4 24. fxe7 Rfb8 25. Ng5 Bd5 26. Nxd5 Qxd5 27. Rxe5
Qh1+ 28. Re1 Qd5 29. Re5 Qh1+ 30. Re1 Qd5 31. Qh4 h5 32. gxh5 f6 33. Ne4 Qf5
34. Qxf6 1-0

[Event "16.Open Seefeld"]
[Site "Oesterreich / Seefeld"]
[Date "2005.09.20"]
[Round "4"]
[White "Thoeny, Hermann"]
[Black "Hoffmann, Bernhard"]
[Result "1-0"]
[WhiteElo "2136"]
[BlackElo "1950"]
[PlyCount "77"]
[EventDate "2005.09.17"]

1. d4 Nf6 2. Nf3 c5 3. c4 e6 4. g3 cxd4 5. Nxd4 Nc6 6. Bg2 Bb4+ 7. Nc3 O-O 8.
O-O a6 9. Nxc6 bxc6 10. Qd4 Qa5 11. Bd2 d5 12. a3 Qc5 13. Qh4 Bxc3 14. Bxc3 Re8
15. Rac1 Qe7 16. Be5 Ra7 17. Rc2 a5 18. Rfc1 Ne4 19. Qxe7 Raxe7 20. cxd5 exd5
21. Rxc6 Bf5 22. Bc7 Nd2 23. e3 d4 24. Bf4 d3 25. Rd1 Nb3 26. Rc3 Nd4 27. Rc5
h6 28. Bd6 Re6 29. Bc7 Nb3 30. Rxf5 Rc8 31. Rxd3 g6 32. Rb5 Nc1 33. Rd8+ Rxd8
34. Bxd8 Rd6 35. Rd5 Rc6 36. Bf3 Rc2 37. Bf6 Kh7 38. Rd8 Ne2+ 39. Bxe2 1-0

[Event "16.Open Seefeld"]
[Site "Oesterreich / Seefeld"]
[Date "2005.09.20"]
[Round "4"]
[White "Santl, Anton"]
[Black "Kesik, Marco"]
[Result "1-0"]
[WhiteElo "2132"]
[BlackElo "1609"]
[PlyCount "67"]
[EventDate "2005.09.17"]

1. Nf3 Nf6 2. c4 g6 3. g3 Bg7 4. Bg2 O-O 5. O-O d6 6. d4 Nc6 7. Nc3 e5 8. d5
Ne7 9. e4 Ne8 10. Ne1 f5 11. f3 h6 12. Nd3 g5 13. Be3 f4 14. Bf2 Rf7 15. g4 Ng6
16. Rc1 Bf8 17. c5 Rh7 18. b4 h5 19. h3 Qf6 20. Be1 hxg4 21. hxg4 Nh4 22. Bxh4
Rxh4 23. Kf2 Qh6 24. Rh1 Nf6 25. Nb5 Nxe4+ 26. fxe4 Bxg4 27. Qxg4 Rxg4 28. Rxh6
Bxh6 29. Nxc7 Rd8 30. Ne6 Rd7 31. c6 bxc6 32. dxc6 Rxg2+ 33. Kxg2 f3+ 34. Kg3
1-0

[Event "16.Open Seefeld"]
[Site "Oesterreich / Seefeld"]
[Date "2005.09.20"]
[Round "4"]
[White "Vrban, Damir"]
[Black "Plock, Christian"]
[Result "1-0"]
[WhiteElo "2133"]
[BlackElo "1650"]
[PlyCount "39"]
[EventDate "2005.09.17"]

1. e4 e5 2. f4 d6 3. Nc3 Nf6 4. Nf3 Bg4 5. h3 Bxf3 6. Qxf3 Nbd7 7. g4 g6 8. f5
Bg7 9. d3 Nb6 10. Bg2 Nfd7 11. g5 c6 12. O-O gxf5 13. exf5 Nc5 14. Be3 Nba4 15.
d4 exd4 16. Nxa4 Nxa4 17. f6 Bf8 18. Bxd4 Qa5 19. Rfe1+ Kd7 20. Qb3 1-0

[Event "16.Open Seefeld"]
[Site "Oesterreich / Seefeld"]
[Date "2005.09.20"]
[Round "4"]
[White "Schoetzig, Detlef"]
[Black "Schett, Franz"]
[Result "1-0"]
[WhiteElo "2124"]
[BlackElo "1997"]
[PlyCount "97"]
[EventDate "2005.09.17"]

1. c4 c5 2. Nc3 Nf6 3. g3 a6 4. Bg2 Qc7 5. Nf3 Nc6 6. O-O d6 7. d4 cxd4 8. Nxd4
e6 9. b3 Be7 10. e4 O-O 11. Be3 Nxd4 12. Bxd4 e5 13. Be3 Bg4 14. Qd2 Be6 15. f3
Rac8 16. Rac1 Qa5 17. Nd5 Qd8 18. Qb4 Bxd5 19. cxd5 Rxc1 20. Rxc1 Qd7 21. Qc4
Ne8 22. Qc8 Qxc8 23. Rxc8 h6 24. Bh3 Bg5 25. Bb6 g6 26. Bd7 Nf6 27. Rxf8+ Kxf8
28. Bc8 Bd2 29. Bxb7 a5 30. Bc6 Ke7 31. Kf2 g5 32. Ke2 Bb4 33. Kd3 g4 34. f4
exf4 35. gxf4 h5 36. Bf2 Nh7 37. Bh4+ f6 38. e5 dxe5 39. fxe5 Ng5 40. Bxg5 fxg5
41. Ke4 Bd2 42. d6+ Ke6 43. Bd5+ Kd7 44. Bf7 h4 45. Kd5 Kc8 46. Be6+ Kb7 47.
Bxg4 Bf4 48. h3 Kb6 49. e6 1-0

[Event "16.Open Seefeld"]
[Site "Oesterreich / Seefeld"]
[Date "2005.09.20"]
[Round "4"]
[White "Fournell, Udo"]
[Black "Straub, Peter"]
[Result "1-0"]
[WhiteElo "1891"]
[BlackElo "2093"]
[PlyCount "89"]
[EventDate "2005.09.17"]

1. e4 c5 2. Nf3 e6 3. d4 cxd4 4. Nxd4 a6 5. Bd3 Bc5 6. Nb3 Be7 7. c4 Nc6 8. Nc3
Nf6 9. O-O O-O 10. Qe2 d6 11. Be3 b6 12. Rad1 Qc7 13. f4 Re8 14. Bb1 Bb7 15.
Rc1 Nd7 16. Nd4 Bf6 17. Nxc6 Qxc6 18. Rfd1 Rad8 19. b4 Rc8 20. e5 dxe5 21. Ne4
Be7 22. b5 Qc7 23. bxa6 Bxa6 24. Qd3 Nf8 25. fxe5 Qxe5 26. Bxb6 f5 27. Nd2 Bc5+
28. Bxc5 Qxc5+ 29. Kh1 Red8 30. Qf3 Qc6 31. Qe2 Rd4 32. Bd3 Ng6 33. Nf3 Rg4 34.
Qf2 Nf4 35. Bf1 Ng6 36. Rd4 Qc5 37. Rd8+ Kf7 38. Qxc5 Rxc5 39. Rd7+ Kf8 40. Rb1
Rc8 41. h3 Re4 42. Ng5 Re3 43. Ra7 h6 44. Nf3 Rc6 45. Nd4 1-0

[Event "16.Open Seefeld"]
[Site "Oesterreich / Seefeld"]
[Date "2005.09.20"]
[Round "4"]
[White "Verhoef, Helge"]
[Black "Wiesbeck, Florian"]
[Result "0-1"]
[WhiteElo "2086"]
[BlackElo "1964"]
[PlyCount "26"]
[EventDate "2005.09.17"]

1. d4 d5 2. c4 dxc4 3. e4 c5 4. d5 Nf6 5. Nc3 e6 6. Bxc4 exd5 7. Nxd5 Nxd5 8.
Bxd5 Be7 9. Qb3 O-O 10. Bxb7 c4 11. Qb5 a6 12. Qd5 Bb4+ 13. Kf1 Bxb7 0-1

[Event "16.Open Seefeld"]
[Site "Oesterreich / Seefeld"]
[Date "2005.09.20"]
[Round "4"]
[White "Becking, Franz-Josef"]
[Black "Strasser, Josef (A)"]
[Result "1/2-1/2"]
[WhiteElo "2076"]
[BlackElo "1917"]
[PlyCount "86"]
[EventDate "2005.09.17"]

1. d4 d5 2. Nf3 Nf6 3. Bf4 e6 4. e3 Be7 5. Bd3 O-O 6. c3 c5 7. Nbd2 cxd4 8.
exd4 b6 9. Qc2 Ba6 10. Bxa6 Nxa6 11. Ne5 Nb8 12. O-O Nh5 13. Be3 Qc8 14. Qd1
Nf6 15. Bg5 Nbd7 16. Ndf3 Re8 17. Nxd7 Nxd7 18. Bxe7 Rxe7 19. Re1 Qc7 20. Qd2
b5 21. Ne5 Rc8 22. Nxd7 Qxd7 23. a3 a5 24. Rec1 Rc6 25. Kf1 Qc7 26. g3 Re8 27.
Ke1 e5 28. dxe5 Qxe5+ 29. Kf1 Qe4 30. Kg1 Rce6 31. Rd1 Qe2 32. Rac1 g6 33. Rb1
Rf6 34. Qd4 Qf3 35. Re1 Rfe6 36. Rxe6 Rxe6 37. a4 Re4 38. Qb6 Qd3 39. Ra1 Rxa4
40. Rxa4 Qd1+ 41. Kg2 Qxa4 42. Qb8+ Kg7 43. Qe5+ Kg8 1/2-1/2

[Event "16.Open Seefeld"]
[Site "Oesterreich / Seefeld"]
[Date "2005.09.20"]
[Round "4"]
[White "Aigner, Georg"]
[Black "Schwammberger, Eugen"]
[Result "1/2-1/2"]
[WhiteElo "2033"]
[BlackElo "1950"]
[PlyCount "150"]
[EventDate "2005.09.17"]

1. e4 c5 2. Nf3 d6 3. d4 cxd4 4. Nxd4 Nf6 5. Nc3 a6 6. Be2 e5 7. Nf3 h6 8. O-O
Be6 9. Qd3 Be7 10. Nd2 Nc6 11. Qg3 g5 12. Nb3 Nb4 13. Bd3 Nh5 14. Qf3 Nf4 15.
Nd2 g4 16. Qd1 Nbxd3 17. cxd3 Nxd3 18. Nd5 Bg5 19. Qc2 Bxd5 20. Qxd3 Bc6 21.
Nc4 Be7 22. Rd1 h5 23. Be3 Rc8 24. Rd2 b5 25. Nxd6+ Qxd6 26. Qxd6 Bxd6 27. Rxd6
Bxe4 28. Bg5 Rg8 29. Bf6 Rg6 30. Re1 Kf8 31. Red1 Bd3 32. Bxe5 Rxd6 33. Bxd6+
Kg8 34. h3 Bg6 35. hxg4 hxg4 36. Be5 Be4 37. Kh2 f5 38. Kg3 Rc4 39. Rd7 Kf8 40.
Ra7 Rc6 41. Kf4 Bb1 42. a3 Re6 43. Bc3 Be4 44. Kg5 Ke8 45. g3 Kd8 46. Rf7 Kc8
47. Kf4 Bb1 48. Be5 Rc6 49. Bc3 Re6 50. b3 Kd8 51. Be5 Ke8 52. Rxf5 Bxf5 53.
Kxf5 Kf7 54. a4 bxa4 55. bxa4 Rg6 56. a5 Rg8 57. Bf4 Rc8 58. Kxg4 Kg6 59. Be3
Rc4+ 60. Kf3 Rc3 61. Ke4 Rb3 62. g4 Rb4+ 63. Kf3 Kf6 64. Kg3 Kg6 65. Kh4 Rb1
66. f4 Rb5 67. Bb6 Rd5 68. f5+ Rxf5 69. gxf5+ Kxf5 70. Kg3 Ke5 71. Kf3 Kd5 72.
Ke3 Kc6 73. Kd4 Kb7 74. Kc5 Ka8 75. Kc6 Kb8 1/2-1/2

[Event "16.Open Seefeld"]
[Site "Oesterreich / Seefeld"]
[Date "2005.09.20"]
[Round "4"]
[White "Duric, Rajko"]
[Black "Stock, Juergen"]
[Result "0-1"]
[WhiteElo "1867"]
[BlackElo "2031"]
[PlyCount "80"]
[EventDate "2005.09.17"]

1. e4 e6 2. g3 b6 3. Bg2 Bb7 4. Ne2 f5 5. Nbc3 Nf6 6. d3 Be7 7. O-O fxe4 8.
Nxe4 Nxe4 9. dxe4 O-O 10. b3 e5 11. c4 d6 12. Nc3 Nd7 13. Nd5 Nc5 14. b4 Ne6
15. Nxe7+ Qxe7 16. Be3 c5 17. bxc5 dxc5 18. Qg4 Rad8 19. Bh3 Bc8 20. Qh5 Nd4
21. Bg2 Qe6 22. Rad1 Ba6 23. Bh3 Qxc4 24. Bxd4 exd4 25. Bf5 Rf6 26. Qxh7+ Kf8
27. Qh8+ Qg8 28. Qxg8+ Kxg8 29. Rfe1 d3 30. Rd2 c4 31. Rc1 Rd4 32. g4 g6 33. g5
Rc6 34. Bh3 c3 35. Rdd1 d2 36. Rc2 Bd3 37. Be6+ Kf8 38. Bb3 Rxe4 39. Rdxd2 Rg4+
40. Kh1 cxd2 0-1

[Event "16.Open Seefeld"]
[Site "Oesterreich / Seefeld"]
[Date "2005.09.20"]
[Round "4"]
[White "Matt, Stefan"]
[Black "Di Lazzaro, Gabriele"]
[Result "1/2-1/2"]
[WhiteElo "1816"]
[BlackElo "2025"]
[PlyCount "65"]
[EventDate "2005.09.17"]

1. Nf3 c5 2. c4 Nc6 3. Nc3 e5 4. d3 d6 5. g3 g6 6. Nd5 Bg7 7. Bg2 Nge7 8. Bg5
Qa5+ 9. Bd2 Qd8 10. O-O O-O 11. Bc3 Nxd5 12. cxd5 Ne7 13. e4 Bg4 14. Qb3 b6 15.
a4 Qd7 16. Qb5 Qxb5 17. axb5 Bd7 18. Nd2 Bxb5 19. Nc4 Bxc4 20. dxc4 a5 21. f4
f6 22. h4 h5 23. Bh3 Kh7 24. Kh2 Ng8 25. Bd2 Bh6 26. Rf2 Ne7 27. Bc3 g5 28.
fxe5 fxe5 29. Raf1 Rxf2+ 30. Rxf2 Kg6 31. Bd2 Rd8 32. Bxg5 Bxg5 33. hxg5
1/2-1/2

[Event "16.Open Seefeld"]
[Site "Oesterreich / Seefeld"]
[Date "2005.09.20"]
[Round "4"]
[White "Favre, Bruno"]
[Black "Creutzburg, Frank"]
[Result "1-0"]
[WhiteElo "2019"]
[BlackElo "1574"]
[PlyCount "75"]
[EventDate "2005.09.17"]

1. d4 d5 2. Nf3 Nf6 3. c4 e6 4. Nc3 Be7 5. Bg5 h6 6. Bh4 O-O 7. e3 Nbd7 8. cxd5
exd5 9. Bd3 c6 10. O-O Re8 11. Qc2 Ne4 12. Bxe7 Qxe7 13. Rab1 Ndf6 14. b4 Nxc3
15. Qxc3 Ne4 16. Qc2 Qf6 17. b5 Re6 18. Ne5 Qg5 19. f4 Qd8 20. bxc6 bxc6 21.
Bxe4 dxe4 22. f5 Rxe5 23. dxe5 Ba6 24. Rfd1 Bd3 25. Qxc6 Rc8 26. Qd6 Qg5 27.
Rxd3 exd3 28. Qxd3 Rd8 29. Qe4 Rd2 30. e6 Qh5 31. e7 Rd1+ 32. Rxd1 Qxd1+ 33.
Kf2 Qd2+ 34. Kg3 Qe1+ 35. Kh3 g5 36. e8=Q+ Kg7 37. Q4e5+ Kh7 38. Q8h8# 1-0

[Event "16.Open Seefeld"]
[Site "Oesterreich / Seefeld"]
[Date "2005.09.20"]
[Round "4"]
[White "Ermel, Dirk"]
[Black "Borries, Barbara"]
[Result "1-0"]
[WhiteElo "2208"]
[BlackElo "1975"]
[PlyCount "67"]
[EventDate "2005.09.17"]

1. c4 Nf6 2. Nc3 c6 3. e4 e5 4. Nf3 Qc7 5. Be2 Be7 6. O-O d6 7. d4 a6 8. d5
cxd5 9. Nxd5 Nxd5 10. cxd5 Nd7 11. Be3 Nf6 12. Nd2 O-O 13. Rc1 Qb8 14. Nc4 Bd8
15. Bb6 Nxe4 16. Bxd8 Rxd8 17. Nb6 Nf6 18. Nxa8 Qxa8 19. Qb3 b5 20. a4 Bb7 21.
axb5 Bxd5 22. Qh3 axb5 23. Bxb5 Be6 24. Qa3 Qe4 25. Bc6 Qf4 26. Qg3 Qb4 27. Qc3
Qb6 28. b4 e4 29. b5 d5 30. Qc5 Qxc5 31. Rxc5 d4 32. b6 d3 33. b7 Kf8 34. Ra5
1-0

[Event "16.Open Seefeld"]
[Site "Oesterreich / Seefeld"]
[Date "2005.09.20"]
[Round "4"]
[White "Russ, Colin"]
[Black "Kozlov, Alexander"]
[Result "0-1"]
[WhiteElo "1964"]
[BlackElo "2135"]
[PlyCount "50"]
[EventDate "2005.09.17"]

1. Nf3 g6 2. d4 Bg7 3. c4 c5 4. Nc3 cxd4 5. Nxd4 Nc6 6. e3 d6 7. Be2 Nf6 8. O-O
O-O 9. f4 Bd7 10. Kh1 Rc8 11. Qe1 Qb6 12. Nf3 Na5 13. Nd5 Nxd5 14. cxd5 Nc4 15.
Bxc4 Rxc4 16. Rf2 Rfc8 17. Nd4 Qc5 18. Nb3 Qxd5 19. Rd2 Qe4 20. Re2 Rc2 21. Nd2
Qd3 22. Rf2 Bxb2 23. Bxb2 Rxb2 24. h3 Rcc2 25. Rd1 Qa6 0-1

[Event "16.Open Seefeld"]
[Site "Oesterreich / Seefeld"]
[Date "2005.09.20"]
[Round "4"]
[White "Ranker, Klemens"]
[Black "Pieper, Harald"]
[Result "1-0"]
[WhiteElo "1955"]
[BlackElo "2094"]
[PlyCount "47"]
[EventDate "2005.09.17"]

1. e4 Nf6 2. Nc3 d5 3. exd5 Nxd5 4. Ne4 e6 5. d4 Nd7 6. Nf3 N7f6 7. Ng3 h6 8.
c3 c6 9. Bd3 Bd6 10. O-O Bf4 11. Bc2 Bxc1 12. Rxc1 O-O 13. Ne5 g6 14. Qd3 Ne7
15. Rce1 Nf5 16. Nxf5 exf5 17. Re3 Be6 18. Nxg6 fxg6 19. Rxe6 Re8 20. Rfe1 Rxe6
21. Rxe6 Kg7 22. Qg3 Kf7 23. Bb3 Kg7 24. Qe5 1-0

[Event "16.Open Seefeld"]
[Site "Oesterreich / Seefeld"]
[Date "2005.09.20"]
[Round "4"]
[White "Kircher, Werner"]
[Black "Solaroli, Riccardo"]
[Result "1/2-1/2"]
[WhiteElo "2092"]
[BlackElo "1975"]
[PlyCount "41"]
[EventDate "2005.09.17"]

1. c4 Nf6 2. Nf3 g6 3. d4 Bg7 4. Nc3 d5 5. cxd5 Nxd5 6. e4 Nxc3 7. bxc3 c5 8.
Rb1 O-O 9. Be2 Nc6 10. Be3 cxd4 11. cxd4 Qa5+ 12. Bd2 Qxa2 13. d5 Nd4 14. Nxd4
Bxd4 15. O-O Bf6 16. Bh6 Rd8 17. f4 b6 18. Bf3 Bb7 19. e5 Bg7 20. Bxg7 Kxg7 21.
Rf2 1/2-1/2

[Event "16.Open Seefeld"]
[Site "Oesterreich / Seefeld"]
[Date "2005.09.20"]
[Round "4"]
[White "Hofer, Franz"]
[Black "Kreie, Guenter"]
[Result "1/2-1/2"]
[WhiteElo "2079"]
[BlackElo "1968"]
[PlyCount "147"]
[EventDate "2005.09.17"]

1. c4 Nf6 2. g3 e6 3. Bg2 d5 4. Nf3 c5 5. O-O Nc6 6. b3 Bd6 7. Bb2 O-O 8. e3 e5
9. cxd5 Nxd5 10. d3 Bg4 11. h3 Bh5 12. Na3 Ndb4 13. Qe2 Qe7 14. Rfd1 Rad8 15.
Bc3 Nxd3 16. e4 Ndb4 17. g4 Bg6 18. Bxb4 Nxb4 19. Nc2 Nc6 20. Nfe1 Nd4 21. Qf1
h5 22. Ne3 Qg5 23. Rd3 hxg4 24. hxg4 b6 25. f3 Be7 26. Nd5 Rxd5 27. exd5 Bxd3
28. Qxd3 Bd6 29. Rd1 f5 30. Qd2 Qg6 31. Qd3 e4 32. gxf5 Rxf5 33. fxe4 Rg5 34.
e5 Bxe5 35. Qxg6 Rxg6 36. Nd3 Bd6 37. Nb2 b5 38. Nd3 Rg5 39. Nf2 Ne2+ 40. Kf1
Nf4 41. Bf3 Rg3 42. Be4 c4 43. bxc4 bxc4 44. Rd4 Ra3 45. Rxc4 Rxa2 46. Rc1 Kf7
47. Ng4 Ra4 48. Bf3 Ke7 49. Ne3 Kf6 50. Rc6 Ke5 51. Ng4+ Kf5 52. Rxd6 Ra3 53.
Kf2 Nh3+ 54. Kg3 Ng5 55. Rd7 Rxf3+ 56. Kg2 Kxg4 57. Rxg7 Ra3 58. d6 Ra2+ 59.
Kf1 Kf3 60. Ke1 Ne4 61. Kd1 Nxd6 62. Kc1 Ke4 63. Kb1 Ra5 64. Kb2 Rb5+ 65. Ka3
Rb7 66. Rg6 Nc4+ 67. Ka4 a5 68. Rg4+ Kd5 69. Rg5+ Ke6 70. Rg6+ Kf5 71. Rg5+ Ke6
72. Rg6+ Kd5 73. Rg5+ Kc6 74. Rc5+ 1/2-1/2

[Event "16.Open Seefeld"]
[Site "Oesterreich / Seefeld"]
[Date "2005.09.20"]
[Round "4"]
[White "Wawrinsky, Ludwig"]
[Black "Fischer, Gerd"]
[Result "1-0"]
[WhiteElo "1916"]
[BlackElo "2039"]
[PlyCount "33"]
[EventDate "2005.09.17"]

1. e4 e6 2. d4 d5 3. Nd2 Nf6 4. e5 Nfd7 5. Bd3 c5 6. c3 Nc6 7. Ndf3 Qb6 8. Ne2
f6 9. Nf4 cxd4 10. cxd4 Bb4+ 11. Kf1 Nd8 12. Qe2 O-O 13. h4 Nf7 14. a3 Be7 15.
Bc2 Qa6 16. Qxa6 bxa6 17. Nxe6 1-0

[Event "16.Open Seefeld"]
[Site "Oesterreich / Seefeld"]
[Date "2005.09.20"]
[Round "4"]
[White "Kreusch, Frank"]
[Black "Thonig, Manfred"]
[Result "1-0"]
[WhiteElo "2037"]
[BlackElo "1913"]
[PlyCount "119"]
[EventDate "2005.09.17"]

1. e4 g6 2. d4 Bg7 3. Nc3 d6 4. Be3 e6 5. Qd2 Nd7 6. Bd3 a6 7. f4 b5 8. Nf3 Bb7
9. O-O f5 10. Ng5 Nf8 11. exf5 exf5 12. Rae1 Ne7 13. Bf2 h6 14. Nh3 Nd7 15. Re6
Bf6 16. Qe1 Kf7 17. Re2 Qg8 18. Be3 d5 19. Nd1 Re8 20. Qa5 c5 21. dxc5 d4 22.
Qc7 Bc6 23. Bd2 Kg7 24. Rxe7+ Bxe7 25. Qxc6 Nxc5 26. Nhf2 Nxd3 27. Nxd3 Bf6 28.
Ne5 g5 29. Qd7+ Re7 30. Qxf5 Bxe5 31. fxe5 Rf7 32. Qd3 Rxf1+ 33. Kxf1 Qd5 34.
c3 Rf8+ 35. Kg1 Qxa2 36. Qxd4 Qb3 37. Be3 Qe6 38. Qd6 Qc4 39. Bf2 Qe2 40. h3
Rxf2 41. Nxf2 Qe1+ 42. Kh2 Qxf2 43. Qd4 Qf4+ 44. g3 Qxd4 45. cxd4 Kf7 46. Kg2
Ke6 47. Kf2 Kd5 48. Ke3 a5 49. Kd3 h5 50. h4 g4 51. Kc3 Ke6 52. b3 Kd5 53. Kd3
b4 54. Ke3 a4 55. bxa4 Kc4 56. Kd2 Kb3 57. e6 Ka2 58. e7 b3 59. e8=Q b2 60. Qb8
1-0

[Event "16.Open Seefeld"]
[Site "Oesterreich / Seefeld"]
[Date "2005.09.20"]
[Round "4"]
[White "Platzgummer, Peter"]
[Black "Born, Bernd-Ludger"]
[Result "1/2-1/2"]
[WhiteElo "1911"]
[BlackElo "2036"]
[PlyCount "144"]
[EventDate "2005.09.17"]

1. e4 e6 2. d4 d5 3. e5 c5 4. c3 Nc6 5. Nf3 Qb6 6. a3 c4 7. Be2 f6 8. exf6 Nxf6
9. O-O Bd6 10. Qc2 O-O 11. Bg5 Qc7 12. Nbd2 Bd7 13. Bh4 Be8 14. Rfe1 Bg6 15.
Qd1 Rae8 16. Bg3 Bxg3 17. fxg3 Ng4 18. Nf1 e5 19. h3 Nf6 20. dxe5 Nxe5 21. Nxe5
Rxe5 22. Bf3 Qb6+ 23. Qd4 Qxd4+ 24. cxd4 Ree8 25. Nd2 Bd3 26. Re5 Rxe5 27. dxe5
Ne4 28. Nxe4 dxe4 29. Bg4 Re8 30. e6 e3 31. Re1 e2 32. Kf2 Kf8 33. Bxe2 Bxe2
34. Rxe2 Ke7 35. Ke3 Rd8 36. Kf4 Rd6 37. Re4 Rc6 38. a4 c3 39. bxc3 Rxc3 40.
Rb4 b6 41. a5 Rc6 42. axb6 axb6 43. Ke5 Rxe6+ 44. Kd5 Kd7 45. Rf4 Rd6+ 46. Kc4
Kc6 47. Kb4 Rd7 48. Rc4+ Kb7 49. Rc2 Rd3 50. g4 Rd5 51. Re2 Kc6 52. Re6+ Rd6
53. Re7 Rd4+ 54. Kc3 Rd7 55. Re6+ Kb5 56. Re1 h6 57. Re2 Rd6 58. Re1 Rc6+ 59.
Kb3 Kc5 60. Ka4 Rd6 61. Rc1+ Kd4 62. Kb5 Ke3 63. Rc7 g5 64. Rf7 Ke4 65. Rf2 Rg6
66. Rf7 Ke3 67. Rf3+ Ke4 68. Rf7 Rd6 69. Rf2 Ke5 70. Rf5+ Ke6 71. Rf2 Ke7 72.
Re2+ Kd7 1/2-1/2

[Event "16.Open Seefeld"]
[Site "Oesterreich / Seefeld"]
[Date "2005.09.20"]
[Round "4"]
[White "Maurer, Rainer"]
[Black "Klein, Reinhard"]
[Result "1-0"]
[WhiteElo "2035"]
[BlackElo "1911"]
[PlyCount "98"]
[EventDate "2005.09.17"]

1. d4 Nf6 2. Nf3 b6 3. c4 Bb7 4. Nc3 e6 5. g3 Bb4 6. Bg2 O-O 7. O-O Bxc3 8.
bxc3 d6 9. Re1 Nbd7 10. Qc2 Be4 11. Qb3 Rb8 12. Bb2 c5 13. Rad1 Qc7 14. a4 Rfc8
15. Rc1 Qb7 16. Red1 h6 17. Ba3 Ne8 18. Rd2 d5 19. cxd5 Bxd5 20. c4 cxd4 21.
cxd5 Rxc1+ 22. Bxc1 Nc5 23. Qa2 Rc8 24. dxe6 Nxe6 25. Rc2 Rxc2 26. Qxc2 Qd7 27.
Ne5 Qc7 28. Qxc7 N8xc7 29. Ba3 Nc5 30. Nc6 Nxa4 31. Nxa7 Nc3 32. Kf1 b5 33. Nc6
f6 34. Nxd4 N7d5 35. Nxb5 Ne3+ 36. fxe3 Nxb5 37. Bd5+ Kh7 38. Bc5 Nc7 39. Bc4
Kg6 40. Kf2 Kf5 41. Kf3 g5 42. e4+ Kg6 43. Bd6 Ne8 44. e5 h5 45. Bb5 Ng7 46.
exf6 Ne6 47. Be5 g4+ 48. Kf2 Nc5 49. Bc6 Kf7 1-0

[Event "16.Open Seefeld"]
[Site "Oesterreich / Seefeld"]
[Date "2005.09.20"]
[Round "4"]
[White "Perkmann, Gottfried"]
[Black "Platzgummer, Fabian"]
[Result "0-1"]
[WhiteElo "1690"]
[BlackElo "2032"]
[PlyCount "76"]
[EventDate "2005.09.17"]

1. Nf3 Nf6 2. g3 c5 3. c4 d5 4. Nc3 d4 5. Nb5 a6 6. Na3 Nc6 7. d3 e5 8. Bg5 Be7
9. Bxf6 Bxf6 10. Bg2 O-O 11. O-O Be6 12. h3 Qd6 13. Nc2 b5 14. b3 bxc4 15. bxc4
Rab8 16. Qd2 e4 17. dxe4 Bxc4 18. Rab1 Bxa2 19. Rxb8 Rxb8 20. Ncxd4 Nxd4 21.
Qxa2 Rb2 22. Qd5 Nxe2+ 23. Kh2 Qxd5 24. exd5 Nc3 25. Re1 Re2 26. Rxe2 Nxe2 27.
Bf1 Nc3 28. d6 Ne4 29. d7 a5 30. Ne5 Nd6 31. Bg2 a4 32. Bd5 a3 33. Ba2 Kf8 34.
Nc6 c4 35. Na5 c3 36. Nb3 Ke7 37. Kg2 c2 38. Nc1 Bb2 0-1

[Event "16.Open Seefeld"]
[Site "Oesterreich / Seefeld"]
[Date "2005.09.20"]
[Round "4"]
[White "Kuehlmeyer, Klaus"]
[Black "Brett, Digby"]
[Result "1/2-1/2"]
[WhiteElo "2027"]
[BlackElo "1869"]
[PlyCount "80"]
[EventDate "2005.09.17"]

1. e4 c5 2. Nf3 d6 3. d4 cxd4 4. Nxd4 Nf6 5. Nc3 a6 6. Bg5 e6 7. f4 Be7 8. Qf3
Qc7 9. Bd3 b5 10. e5 Bb7 11. Qe2 dxe5 12. fxe5 Nd5 13. Nxd5 Bxd5 14. Bxe7 Qxe7
15. O-O O-O 16. Rf4 g6 17. a4 b4 18. Raf1 Nd7 19. h4 f5 20. exf6 Rxf6 21. Rxf6
Nxf6 22. Qe3 Rf8 23. Nf3 Qd6 24. Ne5 a5 25. Qd4 Nh5 26. Rxf8+ Qxf8 27. Ng4 Qf4
28. Qxf4 Nxf4 29. Nf6+ Kg7 30. Nxd5 Nxd5 31. Kf2 Kf6 32. Kf3 Ke5 33. g4 Nf4 34.
Bc4 h6 35. Bb5 g5 36. hxg5 hxg5 37. c3 bxc3 38. bxc3 Kd5 39. Ke3 Ng2+ 40. Kf2
Nf4 1/2-1/2